000 00660nam a2200205Ii 4500
003 JO-AjNU
008 230605s9999||||xx |||||||||||||| ||und||
040 _aJO-AjNU
_bara
_erda
_cJO-AjNU
041 _aara
050 1 4 _aPG3327 1900
100 3 _aتأليف دوستويفسكي;مترجم محمد باكير,
_eauthor
_99996
245 0 0 _aذكريات من بيت الموتى
250 _aط2
264 3 1 _aدمشق:دار اسامة,1900
300 _a286ص
336 _atext
_btxt
_2rdacontent
337 _aunmediated
_bn
_2rdamedia
338 _avolume
_bnc
_2rdacarrier
650 4 _aذكريات من بيت الموتى-دوستويفسكي
_99997
999 _aA1584
_c5152
_d5152